000 01085nam a22003257a 4500
003 CHAP
005 20220329134758.0
008 971013s1994 r 00010 d
010 _a25768
011 _a26740
035 _a30841
040 _cCHAP
082 _a664.0063
_bA5
110 _aAmerican Society of Agricultural Engineers
_95291
245 _aFood processing automation III
260 _aSt. Joseph Mich. :
_bASAE,
_c1994
300 _a546 p.
_b: ilus. ; gráfs.
590 _aBATCH-UPD
_b10
_c20130110
_lUCH01
_h1148
590 _aBATCH-UPD
_b10
_c20130410
_lUCH01
_h0733
590 _aBATCH-UPD
_b10
_c20130914
_lUCH01
_h0128
590 _aCONVERSION
_b10
_c20130109
_lUCH01
_h1315
650 1 4 _aAlimentos
_xIndustria.
_94227
650 1 4 _aAlimentos
_xProcesado.
_94267
650 1 4 _aAlimentos
_xTecnologia
_xCongresos.
_94286
650 1 4 _aProcesamiento automático de datos en la industria alimentaria.
_991797
650 1 4 _aRobots.
_998140
901 _aBK
942 _cLIBRO
949 _a664.0063 A5
_bBC
_cLIBRO
_d33724000133666
_eLIBRO
_gI.174072
_h87705
_i30841
_si
_t200.01
999 _c25768
_d25768